| 000 | 00598nam a2200193Ia 4500 | ||
|---|---|---|---|
| 005 | 20250923145104.0 | ||
| 008 | 008 250917s9999 xx 000 0 eng d | ||
| 037 | _aTextual | ||
| 040 |
_aDSWL _beng _cDSWL |
||
| 041 |
_aeng _2eng |
||
| 084 | _qDSWL | ||
| 245 | 0 |
_aVolume India Part-I (I) Consolidated state scheduled caste - scheduled tribes denotilied current work _cby Ministry of Home Affairs, India |
|
| 260 |
_aNew Delhi _b Ministry of Home Affairs New -II _c1966 |
||
| 300 | _a124 p. | ||
| 365 |
_aINR _b8.25 |
||
| 925 | _g8.25 | ||
| 942 | _cTEXL | ||
| 999 |
_c1446937 _d1446937 |
||